|
|
|
|
| LEADER |
00000nas a2200000 a 4500 |
| 005 |
20111212102939.0 |
| 007 |
cr ||||||||||| |
| 008 |
040702c19919999xxu|||||s ||| 0 ||eng|c |
| 022 |
|
|
|a 0748-383X (versi ̤paper)
|
| 035 |
|
|
|a 4766
|
| 040 |
|
|
|d vLex
|
| 090 |
|
|
|c 2813
|d 2813
|
| 222 |
|
0 |
|a Health matrix
|b (Cleveland, Ohio : Online)
|
| 245 |
0 |
0 |
|a Health matrix
|h [Recurso electrn̤ico] :
|b the journal of law and medicine
|
| 256 |
|
|
|a Servicio en ln̕ea.
|
| 260 |
|
|
|a Cleveland :
|b The Students of Case Western Reserve School of Law,
|c 1991-
|
| 300 |
|
|
|a 1 recurso electrn̤ico
|
| 310 |
|
|
|a Trimestral
|
| 500 |
|
|
|a Descripcin̤ realizada a partir de: Vol. 1, no. 1, (Spring 1991), el 2 de julio de 2004
|
| 506 |
1 |
|
|a Contenido solo disponible en los productos indicados
|d vLex Global
|d vLex Global (Academic Edition, excluding Law Schools)
|d vLex Global (Academic Edition, Law Schools)
|
| 650 |
0 |
4 |
|a Medicina legal
|x Revistas
|
| 650 |
0 |
4 |
|a Asistencia mďica
|x Derecho
|x Revistas
|
| 710 |
2 |
|
|a Franklin Thomas Backus School of Law
|
| 740 |
0 |
|
|a vLex Revistas (Servicio en ln̕ea)
|
| 856 |
4 |
0 |
|z Acceso restringido
|u http://vlex.com/source/health-matrix-journal-law-medicine-4766
|
| 942 |
|
|
|c REV
|
| 999 |
0 |
|
|a Administrative law
|
| 999 |
0 |
|
|a Medicine
|